Capoluoghi di Provincia e Regioni - Italia intera - Statistics

Statistiche generali
  • Questo quiz è stato fatto 261 volte
  • Il punteggio medio è 67 su 109
Statistiche sulle risposte
Hint Risposta % Corretto
Trento Trentino-Alto Adige
94%
Reggio Emilia Emilia-Romagna
84%
Modena Emilia-Romagna
80%
Foggia Puglia
80%
Roma Lazio
77%
Verona Veneto
76%
Pisa Toscana
75%
Salerno Campania
74%
Alessandria Piemonte
73%
Firenze Toscana
73%
Ravenna Emilia-Romagna
72%
Reggio Calabria Calabria
71%
Rimini Emilia-Romagna
71%
Imperia Liguria
71%
Lecco Lombardia
71%
Torino Piemonte
71%
Lecce Puglia
71%
Catania Sicilia
71%
Monza Lombardia
70%
Milano Lombardia
70%
Pavia Lombardia
69%
Brindisi Puglia
69%
Messina Sicilia
69%
Bologna Emilia-Romagna
68%
Savona Liguria
68%
Mantova Lombardia
68%
Campobasso Molise
68%
Caserta Campania
66%
La Spezia Liguria
66%
Enna Sicilia
66%
Ragusa Sicilia
66%
Catanzaro Calabria
65%
Udine Friuli-Venezia Giulia
65%
Frosinone Lazio
65%
Bergamo Lombardia
65%
Agrigento Sicilia
65%
Palermo Sicilia
65%
Livorno Toscana
65%
Perugia Umbria
65%
Parma Emilia-Romagna
64%
Nuoro Sardegna
64%
Trapani Sicilia
64%
Caltanissetta Sicilia
64%
Aosta Valle d'Aosta
64%
Bari Puglia
63%
Prato Toscana
63%
Venezia Veneto
63%
L'Aquila Abruzzo
62%
Viterbo Lazio
62%
Latina Lazio
62%
Genova Liguria
62%
Varese Lombardia
62%
Brescia Lombardia
62%
Asti Piemonte
62%
Taranto Puglia
62%
Sassari Sardegna
62%
Padova Veneto
62%
Matera Basilicata
61%
Avellino Campania
61%
Napoli Campania
61%
Macerata Marche
61%
Arezzo Toscana
61%
Como Lombardia
60%
Cagliari Sardegna
60%
Forlì Emilia-Romagna
59%
Ferrara Emilia-Romagna
59%
Siracusa Sicilia
59%
Vicenza Veneto
59%
Cuneo Piemonte
58%
Pescara Abruzzo
57%
Cremona Lombardia
57%
Novara Piemonte
57%
Vercelli Piemonte
57%
Siena Toscana
57%
Potenza Basilicata
56%
Barletta Puglia
56%
Grosseto Toscana
56%
Lucca Toscana
56%
Bolzano Trentino-Alto Adige
56%
Biella Piemonte
55%
Pistoia Toscana
55%
Vibo Valentia Calabria
54%
Gorizia Friuli-Venezia Giulia
54%
Lodi Lombardia
54%
Ancona Marche
54%
Isernia Molise
54%
Cosenza Calabria
53%
Trieste Friuli-Venezia Giulia
53%
Crotone Calabria
52%
Benevento Campania
52%
Trani Puglia
52%
Oristano Sardegna
52%
Pordenone Friuli-Venezia Giulia
51%
Rovigo Veneto
51%
Treviso Veneto
51%
Massa Toscana
50%
Rieti Lazio
48%
Sondrio Lombardia
48%
Ascoli Piceno Marche
48%
Piacenza Emilia-Romagna
47%
Fermo Marche
47%
Andria Puglia
47%
Chieti Abruzzo
46%
Pesaro Marche
46%
Verbania Piemonte
46%
Belluno Veneto
45%
Carbonia Sardegna
43%
Teramo Abruzzo
42%
Terni Umbria
40%
Nessun quiz corrispondente trovato
Distribuzione punteggi
Percentuale di utenti per punteggio
Percentile per numero di risposta
I tuoi punteggi nel tempo
Non hai fatto questo quiz